Statistiken für U8-Berlin

Klicken Sie hier um das Quiz zu spielen!

Allgemein

  • Dieses Quiz wurde 38 mal gespielt
  • Das Durchschnittsergebnis liegt bei 14 aus 24

Antwortstatistiken

HintAntwort% Korrekt
AAlexanderplatz
97%
WWittenau
87%
HHermannplatz
81%
HHermannstraße
81%
JJannowitzbrücke
77%
HHeinrich-Heine-Straße
71%
KKottbusser Tor
71%
BBoddinstraße
65%
LLeinestraße
65%
MMoritzplatz
65%
VVoltastraße
65%
GGesundbrunnen
61%
BBernauer Straße
58%
PParacelsus-Bad
58%
OOsloer Straße
55%
RRosenthaler Platz
55%
SSchönleinstraße
55%
KKarl-Bonhoeffer-Nervenklinik
52%
PPankstraße
48%
WWeinmeisterstraße
48%
RRathaus Reinickendorf
35%
FFranz-Neumann-Platz
29%
RResidenzstraße
29%
LLindauer Allee
26%

Verteilung der Resultate

Perzentil nach korrekt beantworteten Fragen

Anzahl Personen mit jedem Resultat

Ihre Resultats-Entwicklung

Sie haben dieses Quiz noch nicht gespielt